000 00209 a2200109 4500
020 _a9780778784012
041 _aspa
100 _aBobbie Kalman
245 _aTiburones Especiales
942 _cBK
952 _74
999 _c20463
_d20463